000 00657nmm a2200193Ia 4500
008 251105s9999||||xx |||||||||||||||||und||
020 _a9788436952070
041 _aspa
100 _aGarcía Castaño, F. Javier
245 0 _aPoblación inmigrante y escuela : conocimientos y saberes de investigación
264 _a[Madrid, España] :
_bMinisterio de Educación, Cultura y Deporte de España,
_c2011
300 _a816 páginas
490 _aEstudios Creade
650 _aEducation
700 _aGarcía Castaño, F. Javier
700 1 _a Carrasco Pons, Silvia (editores)
856 _uhttps://public.digitaliapublishing.com/a/30226
942 _cCF
999 _c65880
_d65880